00544nam a22001697a 4500003000900000005001700009007000300026008004000029020001800069040002600087082000700113100003300120245011900153260003600272300003900308700002700347DO-SdBNP20240228130358.0ta210804b 2014 dr ac 00| 0 eng d a9789945004205 aDO-SdBNPbspacBNPHU  42221 aGómez Rosa, Alexis,d1950-10aProsas de un peso welter : b147 libras en formato de libro /cAlexis Gómez Rosa ; ilustraciones Wylber Familia. aSanto Domingo :bGente, c2014. a177 p. : bil. ; retrs. ;c23 cm. 1 aFamilia, Wylber,e il.